000 00416nam a2200157 4500
001 113945
003 ES-MaACL
005 20230906190036.0
007 t|
008 061121s1969 sp r ||||1| spa d
100 1 _aPalma, Rafael.
_988615
245 1 0 _aNoticia del hombre /
_cRafael Palma.
260 _aMadrid :
_bEditora Nacional,
_c1969.
300 _a116 p. ;
_c21 cm.
852 _aES-MaACL
_jC-39020
_bR.71574
999 _c113945
_d113945